Die biblische Geschichte als unsere Geschichte: reformierte Schrift- und Predigtfrömmigkeit

Saved in:
Bibliographic Details
Main Author: Nierop, Jantine (Author)
Format: Chapter/Article
Language:German
Published: 2018
In: Glaubensleben
Year: 2018, Pages: 109-123
Online Access: Get full text
Author Notes:Jantine Nierop

MARC

LEADER 00000caa a22000002c 4500
001 1576898148
003 DE-627
005 20220814175603.0
007 tu
008 180627s2018 xx ||||| 00| ||ger c
035 |a (DE-627)1576898148 
035 |a (DE-576)506898148 
035 |a (DE-599)BSZ506898148 
035 |a (OCoLC)1341012903 
040 |a DE-627  |b ger  |c DE-627  |e rda 
041 |a ger 
084 |a 12  |2 sdnb 
100 1 |a Nierop, Jantine  |d 1975-  |e VerfasserIn  |0 (DE-588)134044274  |0 (DE-627)559884168  |0 (DE-576)300274882  |4 aut 
245 1 4 |a Die biblische Geschichte als unsere Geschichte  |b reformierte Schrift- und Predigtfrömmigkeit  |c Jantine Nierop 
264 1 |c 2018 
300 |a 15 
336 |a Text  |b txt  |2 rdacontent 
337 |a ohne Hilfsmittel zu benutzen  |b n  |2 rdamedia 
338 |a Band  |b nc  |2 rdacarrier 
773 0 8 |i Enthalten in  |t Glaubensleben  |d Solingen : foedus-verlag, 2018  |g (2018), Seite 109-123  |h 202 Seiten  |w (DE-627)102505380X  |w (DE-576)506868907  |z 3938180609  |z 9783938180600  |7 nnam  |a Die biblische Geschichte als unsere Geschichte reformierte Schrift- und Predigtfrömmigkeit 
773 1 8 |g year:2018  |g pages:109-123  |g extent:15  |a Die biblische Geschichte als unsere Geschichte reformierte Schrift- und Predigtfrömmigkeit 
951 |a AR 
992 |a 20180627 
993 |a BookComponentPart 
994 |a 2018 
998 |g 134044274  |a Nierop, Jantine  |m 134044274:Nierop, Jantine  |d 10000  |e 10000PN134044274  |k 0/10000/  |p 1  |x j  |y j 
999 |a KXP-PPN1576898148  |e 3013879238 
BIB |a Y 
JSO |a {"physDesc":[{"extent":"15 S."}],"origin":[{"dateIssuedDisp":"2018","dateIssuedKey":"2018"}],"recId":"1576898148","id":{"eki":["1576898148"]},"language":["ger"],"person":[{"family":"Nierop","role":"aut","display":"Nierop, Jantine","given":"Jantine"}],"relHost":[{"part":{"pages":"109-123","extent":"15","year":"2018","text":"(2018), Seite 109-123"},"corporate":[{"role":"pbl","display":"foedus-verlag p.A. Reformierter Bund in Deutschland"}],"origin":[{"publisherPlace":"Solingen","dateIssuedDisp":"[2018]","publisher":"foedus-verlag","dateIssuedKey":"2018"}],"title":[{"title_sort":"Glaubensleben","subtitle":"Wahrnehmungen reformierter Frömmigkeit","title":"Glaubensleben"}],"name":{"displayForm":["herausgegeben von Margit Ernst-Habib, Hans-Georg Ulrichs"]},"type":{"bibl":"edited-book"},"person":[{"display":"Ernst-Habib, Margit","family":"Ernst-Habib","role":"edt","given":"Margit"},{"given":"Hans-Georg","family":"Ulrichs","role":"edt","display":"Ulrichs, Hans-Georg"}],"language":["ger"],"id":{"eki":["102505380X"],"isbn":["3938180609","9783938180600"]},"recId":"102505380X","physDesc":[{"extent":"202 Seiten","noteIll":"Illustrationen","noteFormat":"22 cm"}],"relMultPart":[{"dispAlt":"Texte zur reformierten Theologie und Kirche","disp":"Texte zur reformierten Theologie und Kirche","language":["ger"],"recId":"878736492","id":{"issn":["2511-6126"],"zdb":["2882527-5"],"eki":["878736492"]},"physDesc":[{"extent":"Bände","noteFormat":"22 cm"}],"title":[{"title":"Texte zur reformierten Theologie und Kirche","title_sort":"Texte zur reformierten Theologie und Kirche"}],"type":{"bibl":"serial"},"pubHistory":["1-"],"part":{"number":["3"],"number_sort":["3"]},"origin":[{"dateIssuedKey":"2016","publisher":"Foedus-Verlag","dateIssuedDisp":"2016-","publisherPlace":"Solingen"}]}],"disp":"Die biblische Geschichte als unsere Geschichte reformierte Schrift- und PredigtfrömmigkeitGlaubensleben"}],"name":{"displayForm":["Jantine Nierop"]},"type":{"bibl":"chapter"},"title":[{"title":"Die biblische Geschichte als unsere Geschichte","subtitle":"reformierte Schrift- und Predigtfrömmigkeit","title_sort":"biblische Geschichte als unsere Geschichte"}]} 
SRT |a NIEROPJANTBIBLISCHEG2018